Present-day preaching. (Record no. 11543)

000 -LEADER
fixed length control field 00561nam a2200181 a 4500
001 - CONTROL NUMBER
control field :::00009342$&:&@@
003 - CONTROL NUMBER IDENTIFIER
control field OkBaRHE
005 - DATE AND TIME OF LATEST TRANSACTION
control field 20000607103350.0
008 - FIXED-LENGTH DATA ELEMENTS--GENERAL INFORMATION
fixed length control field s1912 j 000 0 eng u
040 ## - CATALOGING SOURCE
Transcribing agency
100 1# - MAIN ENTRY--PERSONAL NAME
Personal name Slattery, Charles Lewis, 1867-1930.
245 10 - TITLE STATEMENT
Title Present-day preaching.
260 ## - PUBLICATION, DISTRIBUTION, ETC. (IMPRINT)
Place of publication, distribution, etc New York, NY., :
Name of publisher, distributor, etc Longmans, Green, and Co.
Date of publication, distribution, etc 1912
300 ## - PHYSICAL DESCRIPTION
Extent 198 p. : illus. ;
Dimensions 19 cm.
650 ## - SUBJECT ADDED ENTRY--TOPICAL TERM
Topical term or geographic name as entry element Preaching
942 ## - ADDED ENTRY ELEMENTS (KOHA)
Source of classification or shelving scheme
Koha item type Books
Copies
Not for loan Permanent Location Price effective from Lost status Damaged status Source of classification or shelving scheme Shelving location Barcode Copy number Full call number Date acquired Date last seen Koha item type Withdrawn status
 RHEMA Bible Training College2010-04-14   General Stacks93421BV 4211 .S54P72010-04-142010-04-14Books